| 000 | 00427nam a22001817a 4500 | ||
|---|---|---|---|
| 003 | CEME | ||
| 005 | 20210628203947.0 | ||
| 008 | 210106b xxu||||| |||| 00| 0 eng d | ||
| 020 | _a0201675196 | ||
| 040 | _c. | ||
| 082 | _a004.22 FUR | ||
| 100 |
_aFurber, Steve _93069 |
||
| 245 | _aArm system-on-chip architecture | ||
| 250 | _a2ND | ||
| 260 |
_aLONDON _bADDISON WESLEY _c2000 |
||
| 300 | _aXII, 418P | ||
| 942 |
_cBK _2ddc |
||
| 999 |
_c575692 _d575692 |
||